000 00761nam a2200217Ia 4500
003 CO-CtgCURN
005 20250408185052.0
008 190722s9999 xx 000 0 und d
020 _a9589288979
040 _aCO-CtgCURN
_bspa
_ccoctgcurn
082 _a342.861
_bS684d
100 _aSolano Sierra, Jairo Enrique
245 0 _aDerecho procesal administrativo y contencioso /
_cJairo Enrique Solano Sierra
260 _aBogotá, Colombia :
_bEdiciones Doctrina y Ley,
_c1997
300 _a554 páginas ;
_c22 centímetros
521 _aAREA PROFESIONAL
590 _aPrograma de Derecho_18
650 _aDerecho administrativo
942 _cBK
_h342.861
_iS684d
_2ddc
_n0
999 _c28504
_d28504